<?xml version="1.0" encoding="UTF-8"?>
<record
    xmlns:xsi="http://www.w3.org/2001/XMLSchema-instance"
    xsi:schemaLocation="http://www.loc.gov/MARC21/slim http://www.loc.gov/standards/marcxml/schema/MARC21slim.xsd"
    xmlns="http://www.loc.gov/MARC21/slim">

  <leader>00634nam a22002057a 4500</leader>
  <controlfield tag="005">20180803170350.0</controlfield>
  <controlfield tag="008">170207b        xxu||||| |||| 00| 0 spa d</controlfield>
  <datafield tag="040" ind1=" " ind2=" ">
    <subfield code="a">CO-BoIAVH</subfield>
    <subfield code="c">CO-BoIAVH</subfield>
  </datafield>
  <datafield tag="041" ind1=" " ind2=" ">
    <subfield code="a">spa</subfield>
  </datafield>
  <datafield tag="090" ind1=" " ind2=" ">
    <subfield code="a">MM-</subfield>
    <subfield code="b">00365</subfield>
  </datafield>
  <datafield tag="110" ind1="1" ind2=" ">
    <subfield code="a">Instituto Geogr&#xE1;fico Agust&#xED;n Codazzi</subfield>
    <subfield code="9">95695</subfield>
  </datafield>
  <datafield tag="245" ind1="1" ind2=" ">
    <subfield code="a">V&#xED;deos Geogr&#xE1;ficos de Colombia: </subfield>
    <subfield code="b">Regi&#xF3;n Andina 2</subfield>
  </datafield>
  <datafield tag="257" ind1=" " ind2=" ">
    <subfield code="a">Colombia</subfield>
  </datafield>
  <datafield tag="264" ind1=" " ind2=" ">
    <subfield code="a">Bogot&#xE1;</subfield>
    <subfield code="b">Instituto Geogr&#xE1;fico Agustin Codazzi </subfield>
    <subfield code="c">s.f </subfield>
  </datafield>
  <datafield tag="300" ind1=" " ind2=" ">
    <subfield code="a">Serie de videos</subfield>
  </datafield>
  <datafield tag="346" ind1=" " ind2=" ">
    <subfield code="a">VHS</subfield>
  </datafield>
  <datafield tag="500" ind1=" " ind2=" ">
    <subfield code="a">Serie de v&#xED;deos de las regiones de Colombia</subfield>
  </datafield>
  <datafield tag="650" ind1="1" ind2="4">
    <subfield code="a">Geografia</subfield>
    <subfield code="z">Regi&#xF3;n Andina 2</subfield>
    <subfield code="9">79113</subfield>
  </datafield>
  <datafield tag="942" ind1=" " ind2=" ">
    <subfield code="2">z</subfield>
    <subfield code="c">VHS</subfield>
  </datafield>
  <datafield tag="999" ind1=" " ind2=" ">
    <subfield code="c">19295</subfield>
    <subfield code="d">19295</subfield>
  </datafield>
</record>
